Science Quiz

Random Science or Astronomy Quiz

Northern Constellations Quiz Stats

 Plays Quiz Updated Oct 14, 2016

Challenge
Share
Tweet
Score 0/36 Timer 08:00
0 Plays Today
% Correct
Orion
88.4%
Ursa Major
77.5%
Ursa Minor
77.1%
Leo
67.1%
Cancer
63.5%
Gemini
62.8%
Taurus
62%
Pisces
52.7%
Aries
51.6%
Cassiopeia
45.1%
Draco
45%
Pegasus
44.2%
Andromeda
42.7%
Hercules
42%
Cygnus
36.8%
Sagitta
35.2%
Perseus
34%
Canis Minor
33.3%
% Correct
Boötes
32.2%
Lyra
31.7%
Aquila
28.4%
Cepheus
27.6%
Leo Minor
26.2%
Corona Borealis
24.6%
Serpens
24.5%
Triangulum
23.7%
Auriga
23.7%
Lynx
23%
Delphinus
21.4%
Monoceros
18.4%
Camelopardalis
18.1%
Lacerta
17.7%
Canes Venatici
17.1%
Coma Berenices
17.1%
Equuleus
16.9%
Vulpecula
16.6%

You're not logged in!

Compare scores with friends on all Sporcle quizzes.
OR
Log In

You Might Also Like...

Show Comments

Extras

Top Quizzes Today


Score Distribution

Your Account Isn't Verified!

In order to create a playlist on Sporcle, you need to verify the email address you used during registration. Go to your Sporcle Settings to finish the process.

Report this User

Report this user for behavior that violates our Community Guidelines.

Details: